[Event "Olympiad Women 2024"]
[Site "Budapest HUN"]
[Date "2024.09.14"]
[Round "4.70"]
[Board "4"]
[White "Yaqoob, Wafa"]
[Black "Tjong Tjin Joe, Maylee"]
[Result "0-1"]
[WhiteElo "1438"]
[BlackElo "1665"]
[PlyCount "76"]
[EventDate "2024.09.11"]
[WhiteTeam "Bahrain"]
[BlackTeam "Suriname"]
[WhiteTeamCountry "BHN"]
[BlackTeamCountry "SUR"]

1. e4 e5 2. Nf3 Nc6 3. Bc4 Bc5 4. c3 Nf6 5. d3 h6 6. Nbd2 O-O 7. O-O a6 ({RR} 7... a5 8. h3 d6 9. Re1 Re8 10. Nf1 Be6 11. Bxe6 Rxe6 12. d4 exd4 13. cxd4 Bb4 14. d5 Bxe1 15. dxe6 Bb4 16. exf7+ Kxf7 17. a3 Bc5 18. Qb3+ Kf8 19. Qxb7 Qe8 20. Be3 Nxe4 21. Bxc5 Nxc5 22. Qxc7 {0-1 Di Berardino,D (2471)-Sarana,A (2649) Titled Tuesday intern op 26th Jan blitz 2021 (2)}) ({RR} 7... d6 8. Re1 Ng4 9. Re2 Na5 10. Bb3 Bb6 11. h3 Bxf2+ 12. Rxf2 Nxf2 13. Kxf2 Qf6 14. Bc2 Qg6 15. Nh4 Qf6+ 16. Ndf3 g5 17. Nf5 Bxf5 18. exf5 {1-0 Durham-Balcombe,R-Hoareau,R (1625) Olympiad Women 2024 (6.83)}) 8. Bb3 b5 9. h3 d5 $146 ({RR} 9... d6 10. Re1 Re8 11. Nf1 Bb7 12. Ng3 Ne7 13. Nh4 Bc8 14. Qf3 a5 15. Bxh6 a4 16. Bc2 Ng6 17. Nxg6 fxg6 18. Be3 Bxe3 19. Qxe3 Bb7 20. Qg5 Kh7 21. d4 Nh5 22. Qxd8 Raxd8 23. Nxh5 gxh5 24. Rad1 {1-0 Low,E (1397)-Moreno Vazquez,E (1717) Toronto NAYCC U10 2013 (6)}) 10. Re1 Re8 11. Qc2 Ba7 12. Nf1 dxe4 13. dxe4 Na5 14. Ng3 Nxb3 15. Qxb3 c5 16. Nh4 c4 17. Qc2 Nh5 18. Nhf5 Nxg3 19. Nxg3 Qh4 20. Nf5 Bxf5 21. exf5 Rad8 22. Be3 Bxe3 23. Rxe3 e4 24. Rae1 Rd3 25. a4 Qf4 26. axb5 axb5 27. f6 gxf6 28. Qc1 Kh7 29. Qa1 Rd2 30. R3e2 Red8 31. Rxd2 Rxd2 32. Qa7 Kg7 33. Qe3 Qxe3 34. Rxe3 Rxb2 35. Rxe4 Rb1+ 36. Kh2 Rb3 37. Re3 b4 38. Re4 Rxc3 0-1

[Event "Olympiad Women 2024"]
[Site "Budapest HUN"]
[Date "2024.09.14"]
[Round "4.71"]
[Board "1"]
[White "Ebrahim, Zahabiyah"]
[Black "Laamim, Roaa"]
[Result "0-1"]
[WhiteElo "1475"]
[BlackElo "1879"]
[PlyCount "40"]
[EventDate "2024.09.11"]
[WhiteTeam "Tanzania"]
[BlackTeam "Morocco"]
[WhiteTeamCountry "TAN"]
[BlackTeamCountry "MAR"]

1. d4 d5 2. Nf3 e6 3. e3 Bd6 4. Bd3 Nd7 5. Nbd2 ({RR} 5. b3 f5 6. Bb2 Qf6 7. c4 c6 8. Nc3 Ne7 9. Qc2 b6 10. Nd2 Qh6 11. O-O-O Bb7 12. Kb1 Rc8 13. f4 a6 14. Nf3 {½-½ Mladenov,P (2371)-Tahirov,F (2533) EU-ch 9th Plovdiv 2008 (4)}) ({RR} 5. b3 f5 6. Bb2 Ngf6 7. Nbd2 Ne4 8. O-O Qf6 9. c4 c6 10. a4 g5 11. Ba3 Bc7 12. cxd5 exd5 13. b4 g4 14. Bxe4 fxe4 15. Ne5 Nxe5 16. dxe5 Bxe5 17. Rc1 Rg8 18. b5 Rg6 19. bxc6 bxc6 {1-0 Feliz,D (2035)-Alivodic,D (2274) Titled Tue 17th Oct Early 2023 (2)}) 5... f5 6. c3 Ngf6 7. O-O O-O $146 ({RR} 7... Ne4 8. Qc2 g5 9. Bxe4 fxe4 10. Ne1 g4 11. c4 Rf8 12. c5 Bxh2+ 13. Kxh2 Qh4+ 14. Kg1 Rf6 15. f3 g3 16. Rf2 gxf2+ {0-1 Cuijpers,E-Pritchard,E Olympiad Women-01 Preliminaries C 1957 (2.1)}) 8. c4 c6 9. a3 Ne4 10. b4 Qf6 11. Nb3 g5 12. cxd5 exd5 13. Nc5 g4 14. Nd2 Bxh2+ 15. Kxh2 Qh4+ 16. Kg1 Rf6 17. Nf3 Qh5 18. Re1 Rh6 19. Kf1 Nc3 20. Qc2 gxf3 0-1

[Event "Olympiad Women 2024"]
[Site "Budapest HUN"]
[Date "2024.09.14"]
[Round "4.71"]
[Board "2"]
[White "Chemaou lilya"]
[Black "Anahi Rishit Shah"]
[Result "1/2-1/2"]
[WhiteElo "1565"]
[BlackElo "1513"]
[PlyCount "74"]
[EventDate "2024.09.11"]
[WhiteTeam "Morocco"]
[BlackTeam "Tanzania"]
[WhiteTeamCountry "MAR"]
[BlackTeamCountry "TAN"]

1. e4 e5 2. Nc3 Nc6 3. Bc4 Nf6 4. d3 h6 5. Nf3 Bb4 6. Bd2 Bxc3 7. Bxc3 d6 8. h3 O-O 9. O-O Be6 10. Bb3 a6 $146 ({RR} 10... Bxb3 11. axb3 g5 12. Nh2 Qd7 13. Qf3 Kg7 14. g4 Rh8 15. Qe2 h5 16. Kg2 Rh6 17. Rh1 Rah8 18. Kg3 hxg4 19. Nxg4 Nh5+ 20. Kf3 Nf4 21. Qf1 Rxh3+ 22. Rxh3 Rxh3+ 23. Qxh3 Nxh3 24. Rh1 f5 25. exf5 {0-1 Mayer,A (1708)-Havasi,J (1845) HUN-chT2 Szechenyi 1415 2014 (9.8)}) ({RR} 10... Qd7 11. Kh2 Ne7 12. Bxe6 fxe6 13. Kg1 Ng6 14. Bd2 Rf7 15. Nh2 d5 16. exd5 Nxd5 17. Qe2 Qc6 18. c3 Ngf4 19. Bxf4 Nxf4 20. Qe4 Raf8 21. Qxc6 bxc6 22. f3 Nxd3 23. b3 Nf4 24. Rfe1 Rf5 25. Ng4 {½-½ Ciapa,I (1328)-Tocu,D (1269) ROM-ch U12 Girls 2017 (5)}) 11. Qe2 Re8 12. d4 Nxd4 13. Nxd4 exd4 14. Bxd4 Bxb3 15. Bxf6 Qxf6 16. cxb3 c6 17. Qc2 Qg6 18. f3 d5 19. Rfe1 Re7 20. Rad1 Rae8 21. Kf2 dxe4 22. fxe4 Rxe4 23. Rxe4 Rxe4 24. Rd2 Qf5+ 25. Kg1 Re1+ 26. Kh2 Qxc2 27. Rxc2 Ra1 28. a4 f6 29. Rc5 Ra2 30. Rc2 Kf7 31. Kg3 Ke6 32. Kf4 h5 33. Re2+ Kf7 34. Rd2 Ke6 35. Re2+ Kf7 36. Rd2 Ke6 37. Re2+ Kf7 1/2-1/2

[Event "Olympiad Women 2024"]
[Site "Budapest HUN"]
[Date "2024.09.14"]
[Round "4.71"]
[Board "3"]
[White "Bertha Samson Mkude"]
[Black "El Harrak, Maryam"]
[Result "0-1"]
[WhiteElo "1459"]
[BlackElo "1639"]
[PlyCount "106"]
[EventDate "2024.09.11"]
[WhiteTeam "Tanzania"]
[BlackTeam "Morocco"]
[WhiteTeamCountry "TAN"]
[BlackTeamCountry "MAR"]

1. e4 c6 2. Nc3 d5 3. exd5 cxd5 4. d4 Nf6 5. h3 g6 6. Bd3 Bg7 7. Nf3 O-O 8. O-O Nc6 9. a3 $146 ({RR} 9. Re1 Nb4 10. Ne5 Nxd3 11. Nxd3 Bf5 12. Ne5 Rc8 13. Be3 Re8 14. Nd3 Qc7 15. Rc1 e6 16. Ne2 Bxd3 17. Qxd3 Qc4 18. Qxc4 Rxc4 19. b3 Rc6 20. f3 Rec8 21. c3 Ne8 22. g4 Nd6 23. Bd2 Ra6 {1-0 Concio,M (1926)-Saraos,C (1742) PHI-ch U10 San Antonio 2014 (4)}) 9... a5 10. Re1 Re8 11. Be3 b6 12. Bb5 Bd7 13. Bxc6 Bxc6 14. Ne5 Bb7 15. Qf3 Rc8 16. Bg5 h6 17. Bxf6 exf6 18. Ng4 Rxe1+ 19. Rxe1 Qd6 20. Ne3 Re8 21. Re2 Qd7 22. Ng4 Rxe2 23. Nxe2 f5 24. Ne3 Kf8 25. c3 h5 26. Nf4 Bh6 27. Kh2 Qd6 28. g3 Bxf4 29. Qxf4 Qxf4 30. gxf4 Ke7 31. Kg3 f6 32. c4 Kd6 33. cxd5 Bxd5 34. Nxd5 Kxd5 35. Kf3 Kxd4 36. Ke2 Ke4 37. f3+ Kxf4 38. Kf2 Ke5 39. Kg3 g5 40. b3 b5 41. a4 b4 42. Kg2 Kf4 43. Kf2 h4 44. Kg2 Ke3 45. f4 gxf4 46. Kf1 Kf3 47. Kg1 Ke2 48. Kg2 f3+ 49. Kg1 f2+ 50. Kg2 f1=Q+ 51. Kh2 Qxh3+ 52. Kxh3 f4 53. Kxh4 f3 0-1

[Event "Olympiad Women 2024"]
[Site "Budapest HUN"]
[Date "2024.09.14"]
[Round "4.72"]
[Board "1"]
[White "Chen, Chi"]
[Black "Swaminathan, Laia"]
[Result "1-0"]
[WhiteElo "1746"]
[BlackElo "1620"]
[PlyCount "131"]
[EventDate "2024.09.11"]
[WhiteTeam "Chinese Taipei"]
[BlackTeam "Cayman Islands"]
[BlackTeamCountry "CAY"]

1. e4 e5 2. Nf3 Nc6 3. Bc4 Bc5 4. b4 Bxb4 5. c3 Ba5 6. d4 Qe7 7. O-O Bb6 ({RR} 7... Nf6 8. Ba3 d6 9. d5 Nb8 10. Qa4+ Nbd7 11. Qxa5 Nxe4 12. Qxc7 Nb6 13. Bb5+ Bd7 14. Re1 Bxb5 15. Qxe7+ Kxe7 16. Rxe4 f6 17. Nbd2 Rac8 18. Rc1 Rc7 19. Nd4 Bd7 20. f4 Rhc8 21. fxe5 fxe5 22. Rxe5+ {1-0 Zhigalko,S (2572)-Mikhalevski,V (2552) Titled Tuesday intern op 23rd Feb blitz 2021 (7)}) 8. Ng5 $146 ({RR} 8. Bb5 exd4 9. cxd4 Nf6 10. Ba3 Nb4 11. Nc3 c6 12. e5 Ng4 13. h3 h5 14. Ne4 a5 15. Nd6+ Kf8 16. Bc4 Nh6 17. Qd2 Bc7 18. Rab1 Bxd6 19. exd6 Qf6 20. Ne5 b5 21. Bb3 g5 22. d5 Rg8 {1-0 Huddleston,J-Wilson,J (2210) US Open-92 Los Angeles 1991}) ({RR} 8. a4 a6 9. a5 Ba7 10. Qb3 Nh6 11. Bxh6 gxh6 12. dxe5 Rf8 13. Nbd2 Qc5 14. Qa4 Nxe5 15. Nxe5 Qxe5 16. Nf3 Qh5 17. Kh1 Kd8 18. Rad1 f6 19. Rd5 Qe8 20. e5 c6 21. Rd6 fxe5 22. Bd3 Rf4 {1-0 Zarkym,A (1721)-Koksa,J (1842) 40th World Junior Girls 2024 (10.33)}) ({RR} 8. Ba3 d6 9. d5 Nb8 10. Nbd2 Nf6 11. Bb5+ Bd7 12. Qa4 O-O 13. Rac1 Bxb5 14. Qxb5 Nbd7 15. Rfe1 a6 16. Qb1 Bc5 17. Bb4 a5 18. Bxc5 Nxc5 19. Nh4 g6 20. c4 Nxd5 21. Nxg6 fxg6 22. cxd5 Qg5 {0-1 Marx,I (1668)-Nyathi,M (1419) Johannesburg Gauteng op 2017 (4)}) 8... Nh6 9. Qh5 d6 10. h3 Bd7 11. Nf3 O-O-O 12. d5 Na5 13. Bd3 Ng8 14. Na3 Nf6 15. Qg5 c6 16. c4 Bc5 17. Qd2 b6 18. Bb2 Nb7 19. Nc2 Nh5 20. Nb4 Bxb4 21. Qxb4 Nf4 22. Rfd1 c5 23. Qd2 Qf6 24. Bf1 Qg6 25. Kh2 Qxe4 26. Re1 Qg6 27. Ng1 Na5 28. f3 Nh5 29. Qf2 f5 30. Bd3 Qg5 31. Bc1 f4 32. Ne2 Ng3 33. Nxg3 Qxg3+ 34. Qxg3 fxg3+ 35. Kxg3 Rdf8 36. Bd2 Nb7 37. a4 a5 38. Reb1 Kc7 39. Rb2 Rb8 40. Bc2 Nd8 41. Rab1 Nf7 42. h4 g6 43. Kf2 Bf5 44. g4 Bxc2 45. Rxc2 Rhe8 46. Re1 h5 47. g5 Kd7 48. Rb2 Kc7 49. Ke3 Re7 50. Reb1 Ree8 51. Bc3 Nxg5 52. hxg5 Rf8 53. Kf2 e4 54. Bf6 Rfe8 55. f4 e3+ 56. Kf3 e2 57. Rxe2 Rxe2 58. Kxe2 Re8+ 59. Kf3 Rb8 60. Re1 b5 61. axb5 a4 62. Re7+ Kb6 63. Rd7 Ka5 64. Bc3+ Kb6 65. Rxd6+ Kc7 66. Rxg6 1-0

[Event "Olympiad Women 2024"]
[Site "Budapest HUN"]
[Date "2024.09.14"]
[Round "4.72"]
[Board "2"]
[White "Majid, Zara"]
[Black "Shih, Ching-An"]
[Result "1/2-1/2"]
[WhiteElo "1411"]
[BlackElo "1734"]
[PlyCount "114"]
[EventDate "2024.09.11"]
[WhiteTeam "Cayman Islands"]
[BlackTeam "Chinese Taipei"]
[WhiteTeamCountry "CAY"]

1. d4 d5 2. Bf4 Nf6 3. e3 Bf5 4. c4 c6 5. Nc3 e6 6. Nf3 Nbd7 7. Qb3 Qb6 8. c5 Qxb3 9. axb3 Nh5 10. Bg3 Nxg3 11. hxg3 Be7 12. b4 O-O 13. Kd2 Rfb8 $146 ({RR} 13... g5 14. b5 e5 15. b4 e4 16. Ne1 Nf6 17. Nc2 cxb5 18. Bxb5 a6 19. Be2 Bd7 20. b5 axb5 21. Bxb5 Bxb5 22. Nxb5 Ng4 23. Ke2 Nf6 24. Rhb1 Rfc8 25. Rxa8 Rxa8 26. Nc3 Ra7 27. Nb4 Bd8 28. Rb2 {1-0 Millward,K (2028)-Myall,I (2057) BCF-chT3Sb 1617 (4NCL) 2016 (7.86)}) 14. Bd3 Bxd3 15. Kxd3 b6 16. Rhb1 f6 17. Nd2 a5 18. bxa5 bxc5 19. Ne2 c4+ 20. Kc2 Bb4 21. a6 Ra7 22. b3 Bxd2 23. Kxd2 cxb3 24. Kc3 Rb6 25. Rxb3 Raxa6 26. Rxb6 Rxb6 27. Ra8+ Kf7 28. Rc8 g5 29. g4 Ra6 30. Kb2 Nb6 31. Rc7+ Kg6 32. Re7 Nc4+ 33. Kb1 Rb6+ 34. Kc1 h6 35. Nc3 e5 36. dxe5 fxe5 37. Re6+ Kg7 38. Na4 Ra6 39. Nc3 d4 40. exd4 exd4 41. Ne4 d3 42. Re7+ Kf8 43. Rb7 Ra1+ 44. Rb1 Rxb1+ 45. Kxb1 Ke7 46. Kc1 Ne5 47. f3 Ke6 48. Kd2 Kd5 49. Kc3 c5 50. Nd2 c4 51. g3 Kc5 52. f4 gxf4 53. gxf4 Nxg4 54. Nxc4 Nf2 55. Ne5 h5 56. Nxd3+ Nxd3 57. Kxd3 Kd5 1/2-1/2

[Event "Olympiad Women 2024"]
[Site "Budapest HUN"]
[Date "2024.09.14"]
[Round "4.72"]
[Board "3"]
[White "Chen, I-Chen"]
[Black "Patil, Anvita Niranjan"]
[Result "0-1"]
[WhiteElo "1771"]
[BlackElo "1589"]
[PlyCount "94"]
[EventDate "2024.09.11"]
[WhiteTeam "Chinese Taipei"]
[BlackTeam "Cayman Islands"]
[BlackTeamCountry "CAY"]

1. e4 e5 2. Nf3 Nc6 3. d4 exd4 4. Nxd4 Bc5 5. Be3 Bb6 6. Qd2 d6 7. Nc3 Nf6 ({RR} 7... Nge7 8. O-O-O O-O 9. Nxc6 bxc6 10. Be2 Rb8 11. f4 Kh8 12. g4 Ng8 13. h4 Nf6 14. g5 Ng4 15. Bxb6 Rxb6 16. Rdg1 h5 17. gxh6 Nxh6 18. f5 Qf6 19. Rg5 Bd7 20. Rhg1 Rfb8 21. b3 Rg8 22. Rh5 {1-0 Mutschnik,I (2410)-Aronian,L (2648) GER-ch Internet g/5' blitz 2004 (15)}) 8. O-O-O ({RR} 8. f3 O-O 9. O-O-O a5 10. g4 a4 11. g5 Nd7 12. Nd5 Bxd4 13. Bxd4 Nxd4 14. Qxd4 Qxg5+ 15. f4 Qd8 16. Rg1 f6 17. Bc4 Kh8 18. a3 Nc5 19. f5 Re8 20. Rg4 c6 21. Nf4 Nxe4 22. Ng6+ hxg6 {1-0 Zampronha,W (2119)-Subramanian,A (2013) Titled Tue 13th Feb Early 2024 (7)}) 8... Bd7 9. f3 Qe7 10. Nd5 $146 ({RR} 10. Ndb5 Be6 11. Bxb6 axb6 12. Nd5 Bxd5 13. exd5 Ne5 14. Re1 O-O 15. f4 Rxa2 16. Kb1 Ra5 17. fxe5 Rfa8 18. c4 dxe5 19. Bd3 e4 20. Be2 c6 21. dxc6 bxc6 22. Nd4 Qc7 23. Nb3 Re5 24. Rd1 Re6 {1-0 Przybylski,W (2330)-Graf,P (2120) Police Gniota Memorial 27th 2012 (3)}) ({RR} 10. g4 Nxd4 11. Bxd4 h6 12. h4 Bc6 13. Bh3 Bxd4 14. Qxd4 Kf8 15. g5 Nh5 16. Rhg1 hxg5 17. Rxg5 f6 18. Rg4 Qe5 19. Qxe5 fxe5 20. Bf1 Nf6 21. Rg5 Rxh4 22. Bc4 Re8 23. Rdg1 Re7 24. Rg6 Rh8 {0-1 Barash,D (2240)-Pein,M (2410) Israel1 1988}) 10... Nxd5 11. exd5 Ne5 12. Re1 O-O 13. h3 h6 14. f4 Ng6 15. Nf5 Qf6 16. g4 Bxe3 17. Nxe3 Qxf4 18. Bg2 Nh4 19. Rhf1 Qg5 20. Be4 Rae8 21. Qd3 f5 22. gxf5 Bxf5 23. Bxf5 Nxf5 24. Kd2 Rxe3 25. Rxe3 Nxe3 26. Rxf8+ Kxf8 27. Qxe3 Qxe3+ 28. Kxe3 Kf7 29. Kf4 Kf6 30. h4 g5+ 31. hxg5+ hxg5+ 32. Kg4 Ke5 33. Kxg5 Kxd5 34. Kf4 c5 35. Ke3 b5 36. Kd3 c4+ 37. Kc3 a5 38. a3 Kc5 39. b4+ axb4+ 40. axb4+ Kd5 41. Kd2 Kd4 42. c3+ Ke4 43. Ke2 d5 44. Kd2 d4 45. cxd4 Kxd4 46. Kc2 c3 47. Kc1 Kc4 0-1

[Event "Olympiad Women 2024"]
[Site "Budapest HUN"]
[Date "2024.09.14"]
[Round "4.76"]
[Board "2"]
[White "Henry, Zahidu"]
[Black "Kouassi Edichy Berenice"]
[Result "0-1"]
[WhiteElo "1450"]
[BlackElo "1528"]
[PlyCount "78"]
[EventDate "2024.09.11"]
[WhiteTeam "Dominica"]
[BlackTeam "Cote d’Ivoire"]

1. d4 d5 2. Bf4 c6 3. e3 Bf5 4. Nf3 Nf6 5. Be2 e6 6. O-O Be7 ({RR} 6... Bd6 7. Ne5 Qc7 8. Nd2 Nbd7 9. Nxd7 Nxd7 10. Bxd6 Qxd6 11. c4 O-O 12. Qb3 a5 13. Rac1 Qb4 14. Rc3 Rfb8 15. Rfc1 h6 16. a3 Qe7 17. Qd1 Nf6 18. Bf3 Rd8 19. cxd5 exd5 20. Qa4 Re8 21. Qd1 {0-1 Torre,E (2531)-Zhou,W (2477) PGMA Cup 2nd 2007 (8)}) ({RR} 6... Nbd7 7. c4 Be7 8. h3 h6 9. Nc3 O-O 10. c5 Ne4 11. Nxe4 Bxe4 12. b4 a6 13. a4 Re8 14. b5 a5 15. Ne5 Nxe5 16. Bxe5 Bf6 17. f4 Be7 18. b6 Qd7 19. Bd3 Bxd3 20. Qxd3 f6 21. Bc7 {½-½ Jonkman,H (2323)-Gurevich,M (2559) 15th BPB Limburg Open 2023 (7.8)}) 7. Nbd2 O-O 8. c3 $146 ({RR} 8. h3 Nbd7 9. g4 Bg6 10. Nh2 Ne8 11. Ndf3 Nd6 12. Kg2 f6 13. Rh1 Qb6 14. g5 Qxb2 15. Bxd6 Bxd6 16. Bd3 Bxd3 17. Qxd3 Qb5 18. Qxb5 cxb5 19. h4 Rac8 20. gxf6 Nxf6 21. Ne1 Bxh2 22. Kxh2 Ng4+ {0-1 Ruiter,P-Hopman,P Alkmaar ACCOM op 1992}) ({RR} 8. c4 Qb6 9. Qb3 Qxb3 10. Nxb3 Nbd7 11. Na5 Nh5 12. Be5 f6 13. Nxb7 g5 14. Bd6 Rab8 15. Bxb8 Rxb8 16. Na5 Rxb2 17. Nxc6 Bf8 18. Rfe1 Rb6 19. Nxa7 Bb4 20. Reb1 Bxb1 21. Rxb1 Ng7 22. cxd5 exd5 {1-0 Luu,H (1409)-Nguyen,H (1919) VIE-chT (Women) 2017 (5.28)}) 8... Nbd7 9. Nh4 Ne4 10. Nxf5 exf5 11. Qc2 Ndf6 12. f3 Nxd2 13. Qxd2 Nh5 14. Bd3 Nxf4 15. exf4 Qd7 16. h3 Rae8 17. Rae1 Bh4 18. Re2 Bg3 19. Qc2 g6 20. Qd2 Qd6 21. Re5 Qf6 22. Qe2 Rxe5 23. fxe5 Qh4 24. f4 Bxf4 25. Qf2 Bg3 26. Qf3 f4 27. c4 Qd8 28. c5 Re8 29. Qg4 Kg7 30. Rxf4 Bxf4 31. Qxf4 f6 32. exf6+ Qxf6 33. Qg4 Re3 34. Bc2 Re1+ 35. Kh2 Rf1 36. Bd3 Qf4+ 37. Qg3 Rh1+ 38. Kxh1 Qxg3 39. Be2 Qe1+ 0-1

[Event "Olympiad Women 2024"]
[Site "Budapest HUN"]
[Date "2024.09.15"]
[Round "5.1"]
[Board "1"]
[White "Assaubayeva, Bibisara"]
[Black "Dronavalli, Harika"]
[Result "1-0"]
[WhiteElo "2482"]
[BlackElo "2502"]
[PlyCount "101"]
[EventDate "2024.09.11"]
[WhiteTeam "Kazakhstan"]
[BlackTeam "India"]
[WhiteTeamCountry "KAZ"]
[BlackTeamCountry "IND"]

1. e4 {Huzman,Alexander} e5 2. Nf3 Nf6 3. Nxe5 Nxe4 4. Qe2 Qe7 5. Qxe4 d6 6. d4 dxe5 7. dxe5 Nc6 8. Bf4 g5 9. Bd2 ({RR} 9. Bb5 Bd7 10. Bd2 f5 11. Qe2 O-O-O 12. O-O f4 ({RR} 12... Bg7) 13. Bc3) ({RR} 9. Be3 f5 10. Qd5 Nb4 ({RR} 10... Be6 11. Qd3 f4) 11. Qb3 f4 12. Bd4 Bf5 13. Na3 O-O-O) ({RR} 9. Bg3 f5 10. Qe3 f4) 9... f5 ({RR} 9... Nxe5 10. Nc3 f5 11. Qe2 Bg7 12. O-O-O Be6 13. Qh5+ Nf7 14. Bb5+ c6 15. Rhe1 O-O-O 16. Bc4 Rd6 17. f4) 10. Qe2 ({RR} 10. Qf3 Nxe5 11. Qh5+ Nf7+ 12. Be2 Bg7 13. O-O O-O 14. Bc4 h6 15. Nc3 c6 16. Rfe1 Qf6 17. Qe2 Bd7 18. Qe7 Qxe7 19. Rxe7 Rad8 20. Be3 Bf6 21. Rxf7 Rxf7 22. Bxa7 Ra8 23. Bc5 b5 24. Bxf7+ Kxf7 {1-0 Shukhman,A (2261)-Lesbekova,A (1870) Swiss Queens Wed #13 2024 (5.182)}) 10... Bg7 ({RR} 10... Be6 11. Qh5+ Bf7 12. Qxg5 Qxe5+ 13. Qe3 O-O-O 14. Qxe5 Nxe5 15. Be2 Rg8 16. Bc3 Re8) 11. Nc3 Be6 $146 ({RR} 11... Nd4 12. Qh5+ Qf7 13. Qxf7+ Kxf7 14. O-O-O f4 ({RR} 14... h6 15. f4) 15. Bxf4 ({RR} 15. Ne4 h6 16. Bc3 Nc6 17. Bc4+) 15... gxf4 16. Rxd4 Bxe5 17. Bc4+ Be6 ({RR} 17... Kg6 18. Re4 Bxc3 19. bxc3 Rf8 20. Rhe1) 18. Bxe6+ ({RR} 18. Re4 Bxc4 19. Rxe5) 18... Kxe6 19. Re1 Kf5 20. Rd5 Rhe8 21. g4+ Kf6 ({RR} 21... fxg3 22. hxg3 c6 23. Rc5 Kf6 24. Ne4+ Kg6) 22. g5+ Kf5 23. Nb5 Rac8 ({RR} 23... f3 24. Nxc7 Rad8 25. Rexe5+ Rxe5 26. Rxd8 Re1+ ({RR} 26... Re2 27. Rf8+ Kg4 28. h3+) 27. Rd1 Re2 28. Rf1) 24. Nd4+ Kxg5 25. Rdxe5+ Rxe5 26. Rxe5+ {1-0 Ye,J (2681)-Ni,H (2587) FIDE-Wch k.o. 2004 (2.7)}) ({RR} 11... Bxe5 12. O-O-O Be6 13. Qh5+ Qf7 14. Qxg5) 12. Qh5+ Bf7 13. Qxg5 Qxe5+ 14. Qe3 O-O-O 15. Qxe5 Nxe5 16. f4 Ng4 17. Bd3 Rhe8+ 18. Ne2 Bxb2 19. Rb1 Bd4 20. Kf1 Ne3+ 21. Bxe3 Bxe3 22. a4 Be6 23. h4 Bb6 24. Rh3 c5 25. Re3 Kc7 26. Bb5 Bd7 27. Rxe8 Bxe8 28. Bxe8 Rxe8 29. Ng3 Kc6 30. Nxf5 Re4 31. g3 Rxa4 32. Ne7+ Kd6 33. Nc8+ Kd5 34. Nxb6+ axb6 35. Rxb6 Ra2 36. f5 Ra3 37. Kf2 Ke4 38. f6 Rf3+ 39. Kg2 h5 40. Re6+ Kd5 41. Kxf3 Kxe6 42. c4 Kxf6 43. g4 hxg4+ 44. Kxg4 Kg6 45. h5+ Kh6 46. Kh4 Kg7 47. Kg5 Kf7 48. h6 Kg8 49. Kg6 Kh8 50. h7 b6 51. Kh6 1-0

[Event "Olympiad Women 2024"]
[Site "Budapest HUN"]
[Date "2024.09.15"]
[Round "5.1"]
[Board "2"]
[White "Vaishali, Rameshbabu"]
[Black "Kamalidenova, Meruert"]
[Result "1-0"]
[WhiteElo "2498"]
[BlackElo "2352"]
[PlyCount "117"]
[EventDate "2024.09.11"]
[WhiteTeam "India"]
[BlackTeam "Kazakhstan"]
[WhiteTeamCountry "IND"]
[BlackTeamCountry "KAZ"]

1. e4 c5 2. Nf3 d6 3. d4 cxd4 4. Nxd4 Nf6 5. Nc3 a6 6. Qd3 Nbd7 7. Be2 b5 8. Nd5 Bb7 9. a4 bxa4 10. Nxf6+ Nxf6 11. f3 g6 12. Qa3 $146 ({RR} 12. Rxa4 Nd7 13. Nb3 Ne5 14. Qe3 Bg7 15. Bd2 Qd7 16. Ra3 O-O 17. Bc3 Rfc8 18. O-O Nc6 19. Bxg7 Kxg7 20. Nd2 Qe6 21. Nc4 Rc7 22. Nb6 Rb8 23. Rc3 f5 24. Bc4 Qe5 25. Bb3 Rf8 26. f4 Qa5 {1-0 Sindarov,J (2654)-Mishra,A (2559) Tata Steel Challengers 2023 (9.5)}) ({RR} 12. Rxa4 Bg7 13. O-O O-O 14. Be3 Nd7 15. b4 Nb6 16. Ra5 d5 17. exd5 Nxd5 18. Bd2 Qb6 19. c3 e5 20. Rb1 exd4 21. c4 Nc3 22. Bxc3 dxc3+ 23. c5 Qe6 {0-1 Shukhman,A (2258)-Bodnaruk,A (2355) Swiss Queens Wed #26 2024 (8.82)}) 12... Bg7 13. Qxa4+ Nd7 14. Be3 O-O 15. Qa5 Qc8 16. c3 Nc5 17. Ra3 e5 18. Nb3 Ne6 19. O-O f5 20. exf5 gxf5 21. Rd1 d5 22. Qb6 Rf7 23. Na5 Bf8 24. b4 Kh8 25. Bf1 Bg7 26. Bf2 e4 27. fxe4 fxe4 28. Nxb7 Rxb7 29. Qd6 d4 30. Rxa6 e3 31. Bxe3 dxe3 32. Rxa8 Qxa8 33. Qxe6 Bxc3 34. Qxe3 Qa7 35. Qxa7 Rxa7 36. b5 Kg7 37. Kf2 Kf6 38. Bc4 Be5 39. g3 Rc7 40. Be2 Rb7 41. Rc1 Bd4+ 42. Kf3 Ke5 43. Rc6 Rf7+ 44. Kg4 Bg1 45. Bc4 Re7 46. h4 Rg7+ 47. Kf3 Rb7 48. g4 Bb6 49. g5 Kd4 50. Kg4 Bc5 51. Be2 Re7 52. Bf3 Re8 53. b6 Re3 54. b7 Rb3 55. h5 Rb4 56. Rxc5 Kxc5+ 57. Kg3 Kd6 58. g6 hxg6 59. h6 1-0

[Event "Olympiad Women 2024"]
[Site "Budapest HUN"]
[Date "2024.09.15"]
[Round "5.1"]
[Board "3"]
[White "Balabayeva, Xeniya"]
[Black "Divya, Deshmukh"]
[Result "1/2-1/2"]
[WhiteElo "2335"]
[BlackElo "2483"]
[PlyCount "85"]
[EventDate "2024.09.11"]
[WhiteTeam "Kazakhstan"]
[BlackTeam "India"]
[WhiteTeamCountry "KAZ"]
[BlackTeamCountry "IND"]

1. d4 Nf6 2. Nf3 d5 3. Bf4 e6 4. e3 c5 5. c3 Nc6 6. Nbd2 cxd4 7. exd4 Nh5 8. Be3 Bd6 9. h3 $146 ({RR} 9. Ne5 g6 10. Be2 Ng7 11. f4 f6 12. Nd3 Qc7 13. Nf3 b6 14. O-O O-O 15. Rc1 Nf5 16. Bd2 Ba6 17. Nb4 Bb7 18. Nxc6 Bxc6 19. c4 Qd7 20. b4 dxc4 21. Bxc4 Ne7 22. Qb3 Bd5 23. Bxd5 Nxd5 {0-1 Sheerin,A (1704)-Niccoli,T (2030) BCF-chT3S 1718 (4NCL) Demotion pool 2017 (11.55)}) ({RR} 9. g3 O-O 10. Bd3 g6 11. Qe2 Ng7 12. O-O f6 13. c4 Nb4 14. Bb1 dxc4 15. Nxc4 b6 16. Bd2 Nd5 17. Re1 Bb7 18. Be4 Qd7 19. Rac1 Rfe8 20. a3 Bf8 21. Qd1 Rac8 22. Qb3 Nf5 23. Qd3 Bg7 {1-0 Grischuk,A (2742)-Oparin,G (2685) Titled Tuesday intern op 31st May Late blitz 2022 (8)}) ({RR} 9. Bd3 Nf4 10. Bxf4 Bxf4 11. g3 Bd6 12. O-O O-O 13. Re1 f6 14. Rc1 e5 15. Qb3 Bc7 16. h4 Na5 17. Qc2 e4 18. Nxe4 dxe4 19. Bxe4 f5 20. Bd3 Qf6 21. b4 Nc6 22. d5 Ne5 23. Nxe5 Bxe5 {1-0 Melaa,S (2315)-Schiszler,E Titled Tue 30th Jul Early 2024 (4)}) ({RR} 9. Ne5 g6 10. Nd3 Ng7 11. g3 Nf5 12. Bf4 O-O 13. Bg2 f6 14. O-O Kh8 15. Re1 Qc7 16. Bxd6 Qxd6 17. f4 b6 18. Nf3 h5 19. Qd2 Bd7 20. Rad1 Kg7 21. Qf2 Nce7 22. h3 Nh6 23. Nh2 Rae8 {½-½ Krstulovic,A (2413)-Vertetics,A (2465) HUN-ch Rapid 2022 (6)}) 9... O-O 10. Bd3 Nf4 11. Bxf4 Bxf4 12. O-O Bd7 13. Qc2 g6 14. Rae1 Rc8 15. Qb1 Kg7 16. Re2 a5 17. Rfe1 a4 18. a3 Qb6 19. g3 Bd6 20. h4 Ne7 21. h5 Bb5 22. Nf1 Ng8 23. Ng5 Rce8 24. Nh2 Bxd3 25. Qxd3 Qd8 26. f4 Nf6 27. hxg6 hxg6 28. Nhf3 Ng4 29. Nxf7 Rxf7 30. Ng5 Rfe7 31. Nxe6+ Rxe6 32. Rxe6 Rxe6 33. Rxe6 Nf6 34. Qb5 Kf7 35. Re2 Qc8 36. Qxa4 Qg4 37. Rg2 Qf3 38. Qc2 Qe3+ 39. Qf2 Qc1+ 40. Qf1 Qe3+ 41. Qf2 Qc1+ 42. Qf1 Qe3+ 43. Qf2 1/2-1/2

[Event "Olympiad Women 2024"]
[Site "Budapest HUN"]
[Date "2024.09.15"]
[Round "5.1"]
[Board "4"]
[White "Vantika, Agrawal"]
[Black "Nurman, Alua"]
[Result "1-0"]
[WhiteElo "2370"]
[BlackElo "2324"]
[PlyCount "101"]
[EventDate "2024.09.11"]
[WhiteTeam "India"]
[BlackTeam "Kazakhstan"]
[WhiteTeamCountry "IND"]
[BlackTeamCountry "KAZ"]

1. d4 Nf6 2. c4 g6 3. Nc3 Bg7 4. e4 d6 5. Be2 O-O 6. Nf3 e5 7. O-O Bg4 8. d5 a5 9. h3 Bxf3 10. Bxf3 Na6 11. a3 Nc5 12. Be3 Nfd7 $146 ({RR} 12... a4 13. Bxc5 dxc5 14. Nxa4 b6 15. Nc3 Ne8 16. Qc2 Nd6 17. Be2 f5 18. Bd3 Qg5 19. exf5 gxf5 20. b4 e4 21. Be2 cxb4 22. axb4 Rxa1 23. Rxa1 f4 24. Bf1 f3 25. g3 e3 26. Ra3 e2 27. Nxe2 {0-1 Brown,R (1899)-Fishbein,A (2369) Titled Tue 25th Jun Late 2024 (7)}) 13. b4 axb4 14. axb4 Rxa1 15. Qxa1 Nb3 16. Qa7 Nd4 17. Qxb7 Nxf3+ 18. gxf3 f5 19. Ra1 Qh4 20. Qxc7 f4 21. Bd2 Qxh3 22. Ra7 Rf7 23. Qxd6 Nf8 24. Rxf7 Kxf7 25. Bxf4 exf4 26. Qxf4+ Kg8 27. Nb5 Qd7 28. e5 Qe7 29. e6 Nxe6 30. dxe6 Qxe6 31. c5 Be5 32. Qe4 Qf6 33. Nd6 Bxd6 34. Qd5+ Qf7 35. Qxd6 Qxf3 36. c6 Qg4+ 37. Kh2 Qh4+ 38. Kg2 Qg4+ 39. Kf1 Qc4+ 40. Ke1 Qc1+ 41. Ke2 Qc2+ 42. Ke3 Qc3+ 43. Ke4 Qc4+ 44. Kf3 Qf7+ 45. Kg2 Qf5 46. c7 Kf7 47. b5 h5 48. Qd4 Qe6 49. b6 g5 50. Qc3 Qc8 51. b7 1-0